000
00284nam a2200121Ia 4500
008
220204s9999 xx 000 0 und d
082
_a
577.27+577.216.3
_b
COH
100
_a
Cohen, E P
245
0
_a
Immune RNA
260
_a
Ohio
_b
CRC Press
_c
1976
650
_a
RNA immune
942
_c
BK
999
_c
31409
_d
31409